| 000 | 00000nam##2200000za#4500 |
| 001 | 9.663297 |
| 003 | CaOODSP |
| 005 | 20210615120959 |
| 007 | ta |
| 008 | 150407|2001||||xxc||||| f|0| 0 eng|d |
| 020 | |a0-662-66160-5 |
| 040 | |aCaOODSP|beng |
| 041 | |aeng |
| 041 | |afre |
| 043 | |an-cn--- |
| 086 | 1 |aH39-596/2001 |
| 110 | 1 |aCanada.|bHealth Canada. |bPopulation and Public Health Branch. |
| 245 | 10|aJoint statement on shaken baby syndrome |
| 260 | |aOttawa - Ontario : |bHealth Canada. |c2001. |
| 300 | |aEnglish text, 13p. ; |c28 cm. |
| 546 | |aBilingual |
| 563 | |aSoftcover |
| 590 | |a01-46|b2001-11-16 |
| 690 | 07|aStatements|2gcpds |
| 690 | 07|aInfants|2gcpds |
| 690 | 07|aViolence|2gcpds |
| 776 | 0#|tDéclaration conjointe sur le syndrome du bébé secoué / |w(CaOODSP)9.639994 |
| 776 | 0#|tJoint statement on shaken baby syndrome / |w(CaOODSP)9.695874 |
| 792 | |tDéclaration conjointe sur le syndrome du bébé secoué |efre|w(CaOODSP)9.663298 |